| 000 | 00587nam a22001697a 4500 | ||
|---|---|---|---|
| 999 |
_c16095 _d16095 |
||
| 008 | 210419b ||||| |||| 00| 0 eng d | ||
| 020 | _a9719919858 | ||
| 082 |
_22015 _aDFil 657.076 _bD334 |
||
| 100 |
_aDayag, Antonio J. _943129 |
||
| 245 |
_aCPA examination in practical accounting 2/ _cAntonio J. Dayag |
||
| 250 | _a2015 ed. | ||
| 260 |
_aManila: _bGIC Enterprises, _c©2015. |
||
| 300 |
_avii, 1123 pages; _c23 cm. |
||
| 500 | _aPractical accounting 2 : CPA examination : including PFRS for SMEs | ||
| 650 |
_aAccounting -- Problems, exercises, etc. _931634 |
||
| 942 |
_2ddc _cDFIL |
||